000 00470nam a2200193Ia 4500
003 OSt
005 20221005114212.0
006 a|||||r|||| 00| 0
007 ta
008 221004b |||||||| |||| 00| 0 eng d
024 _a112921
037 _cTextual
040 _aCRL
_cCRL
_beng
041 _2eng
_aeng
100 _aSharma Harish Chandra
_9417744
245 0 _aAnterastriya Kanoon
942 _cTEXL
_2cc
999 _c1030633
_d1030633